Aix-en-Provence - Choix multiples - Statistiques

Statistiques générales
  • Ce quiz a été pris 201 fois
  • Le résultat moyen est 7 sur 10
Statistiques - réponses
Question Réponse % Correct
Quel est spécialité culinaire d'Aix-en-Provence? Le calisson
94%
Quel est le nom de la plus célèbre fontaine d'Aix-en-Provence? La Fontaine de la Rotonde
88%
Lequel de ces éléments ne trouve-t-on pas au sommet de la Sainte-Victoire, célèbre montagne aixoise? Une boutique de souvenirs
87%
Quel est le nom du consul romain qui fonda la ville d'Aix-en-Provence en 122 av. J.-C.? Caius Sextius
85%
Dans quelle ville, proche d'Aix-en-Provence, Marcel Pagnol vécut-il la plupart de son enfance? Aubagne
82%
Lequel de ces blasons est celui d'Aix-en-Provence?
69%
Au sommet de quelle rue se trouve la statue du Roy René, duc d'Anjou? Le Cour Mirabeau
69%
Paul Cézanne est sans doute la figure la plus emblématique de la ville. Que représente son tableau le plus célèbre? Des hommes jouant aux cartes
57%
Quel célèbre chanteur réside à Aix-en-Provence? Christophe Maé
54%
Dans quel sport le club d'Aix-en-Provence a-t-il été classé 1er mondial pendant 8 ans? Natation Synchronisée
31%
Aucun quiz correspondant
Distribution des résultats
% des personnes avec chaque résultat
Percentile par nombre de réponses
Votre historique - résultats
Vous n’avez pas pris ce quiz